书目信息 |
| 书名: | Heartless | |
| 作者: | Anne Elisabeth Stengl | |
| 分册号: | ||
| 分册名: | 出版地: | AMERICA |
|
| 出版社: | Bethany House Publishers | |
| 出版时间: | 2010 | |
| 页数: | 363P | |
| 开本: | 24CM | |
| 丛书名: | ||
| 中图分类号: | ||
| 科图分类号: | ||
| 其他分类号: | I712.45 | |
| 主题词: | ||
| 电子资源: | ||
| 000 | 00399nam0 2200145 450 | |
| 001 | 202012003565 | |
| 005 | 20121206093936.0 | |
| 008 | 12120601s | |
| 020 | @a9780764207808@c$14.99 | |
| 099 | @dI712.45@eA6137 | |
| 245 | 10 | @aHeartless@c Anne Elisabeth Stengl |
| 260 | 0 | @aAMERICA@b Bethany House Publishers@c2010 |
| 300 | @a363P@c24CM | |
| 905 | @b15177-8 | |
| 905 | @aTSG@dI712.45@eA6137 | |
| Heartless / Anne Elisabeth Stengl .-AMERICA : Bethany House Publishers , 2010 |
| 363P ; 24CM |
| ISBN 9780764207808$14.99 |
| ● |
| 相关链接 |
|
|
|
正题名:Heartless
索取号:I712.45/A6137
 
预约/预借
| 序号 | 登录号 | 条形码 | 馆藏地/架位号 | 状态 | 备注 |
| 1 | 15177 | 300151779 | 文学库116/ [索取号:I712.45/A6137] | 在馆 | |
| 2 | 15178 | 300151788 | 文学库116/ [索取号:I712.45/A6137] | 在馆 |